| 000 | 01039nam a22002297a 4500 | ||
|---|---|---|---|
| 999 |
_c13374 _d13374 |
||
| 008 | 190308b ||||| |||| 00| 0 eng d | ||
| 020 | _a9781598577082 | ||
| 082 |
_22014 _aAV-Eb 372.7 _bG435 |
||
| 100 |
_aGinsburg, Herbert _937369 |
||
| 245 |
_aPreparing early childhood educators to teach math : _bprofessional development that works/ _cHerbert Ginsburg, Marilou Hyson, Taniesha A. Woods, and Sue Bredekamp |
||
| 260 |
_bBrookes Publishing, _c©2014. |
||
| 300 | _a248 pages; | ||
| 500 | _aIncludes index. | ||
| 650 |
_aEarly childhood educators -- Training of -- United States. _937370 |
||
| 650 |
_aMathematics -- Study and teaching (Early childhood) -- United States. _937371 |
||
| 650 |
_aMathematics -- Vocational guidance -- United States. _937372 |
||
| 650 |
_aMathematics teachers -- Training of -- United States. _937373 |
||
| 700 |
_aHyson, Marilou _937374 |
||
| 700 |
_aWoods, Taniesha A. _937375 |
||
| 856 | _yhttps://ebookcentral.proquest.com/lib/uniofmindanao-ebooks/detail.action?docID=1787402 | ||
| 942 |
_2ddc _cEB |
||